Title in the Lyrics -- Songs That Start With J #2 - Statistics

General Stats
  • This quiz has been taken 298 times
  • The average score is 5 of 15
Answer Stats
Hint Answer % Correct
Jingle bell, jingle bell, ______ ____ ____ / Jingle bells swing and jingle bells ring Jingle Bell Rock
89%
Daddy Mac will make you ____ ____ / Kris Kross will make you ____ ____ Jump
62%
It ain't my fault that I'm out here gettin' loose / Gotta blame it on the Goose / Gotta blame it on my _____, baby Juice
60%
It's not your fault that they hover / I mean no disrespect / It's my right to be hellish / I still get _______ Jealous
51%
From the kids on the hill plus my mom and my pops / I came to get down, I came to get down / So get out your seat and ____ ______! Jump Around
30%
I keep it _____ _____, I eat that lunch (yeah) / She keep that booty booty, she keep that plump (yeah yeah) Juicy
26%
Oh I'm ____ _ ____ / Guess I'm some kind of freak / 'Cause they all sit and stare / With their eyes Just a Girl
20%
When I think of you sometime / And I wanna spend some time with you / ____ ___ ___ __ __ / We can make it if we try Just the Two of Us
20%
But it's all right, I'm ______ ____ _____ / It's a gas, gas, gas Jumpin' Jack Flash
19%
When I'm with you baby / I go out of my head / And I ____ ____ ___ ______ / And I ____ ____ ___ ______ Just Can't Get Enough
17%
____ ____ ____, burning out the way / If I can light the world up for just one day Just Like Fire
15%
Out of all of the fellas in the world she belongs to me / But it was ____ __ ___________ / Running away with me Just My Imagination
15%
I guess, you're ____ ____ _ ______ / (____ ____ _ ______) / I needed someone to feed Just What I Needed
10%
_____, _____, ocean child, calls me / So I sing a song of love, _____ Julia
9%
______ ___ _ ___ / ______ ___ _ ___ / Her dog day's just begun / Now everybody is on the run Janie's Got a Gun
8%
No matching quizzes found
Score Distribution
Percent of People with Each Score
Percentile by Number Answered
Your Score History
You have not taken this quiz